=LDR 00000nam 2200000 4500 =001 INLIS000000000027943 =005 20130612130301 =008 ***********************************Ind** =035 ##$$0010-061300000027943 =041 ##$$a Ind =082 ##$$a 781.6 =090 ##$$a 781.6, Mul i =100 ##$$a Mulyanto, Eko S =245 ##$$a Iringan musik pop dengan piano dan keyboar, Eko S. Mulyanto ; penyunting, Ida Ayu Maruti =260 ##$$a 2006 $b Jakarta =300 ##$$a vii, 103 hlm, ilus, 28 cm =650 ##$$a Musik Pop =850 ##$$a NBPNMAT